Informe del estado de la red de acelerógrafos : giras de mantenimiento y recolección de eventos
Gardado en:
| Autor Principal: | |
|---|---|
| Outros autores: | , |
| Formato: | Libro |
| Publicado: |
[San José, Costa Rica] : Universidad de Costa Rica, Facultad de Ingeniería, Instituto de Investigaciones en Ingeniería, Laboratorio de Ingeniería Sísmica
1993
|
| Etiquetas: |
Engadir etiqueta
Sen Etiquetas, Sexa o primeiro en etiquetar este rexistro!
|
MARC
| LEADER | 00000nam a2200000Ia 4500 | ||
|---|---|---|---|
| 003 | PI-107 | ||
| 005 | 20240426085011.0 | ||
| 008 | 140116s1993 c a 000 ||s d | ||
| 040 | |c cru CEDI | ||
| 090 | |a PI-107 | ||
| 100 | |a Segura Vargas, Carlos Manuel, 1951- |d Técnico |9 2941 | ||
| 245 | |a Informe del estado de la red de acelerógrafos : giras de mantenimiento y recolección de eventos | ||
| 260 | |c 1993 |a [San José, Costa Rica] : Universidad de Costa Rica, Facultad de Ingeniería, Instituto de Investigaciones en Ingeniería, Laboratorio de Ingeniería Sísmica | ||
| 300 | |c 31 hojas | ||
| 500 | |a Reporte INII-LIS-87-93 | ||
| 700 | |9 1018 |a Ramirez V; Adalberto | ||
| 700 | |9 1016 |a Alvarado H, Johnny | ||
| 942 | |c PI |h PI-107 |i PI0107 |6 PI_107_PI0107 | ||
| 999 | |c 13340 |d 13340 | ||
